UBT Library

A laboratory textbook of anatomy and physiology : (Record no. 40277)

000 -LEADER
fixed length control field 00916cam a22002534a 4500
001 - CONTROL NUMBER
control field 13982501
005 - DATE AND TIME OF LATEST TRANSACTION
control field 20180115072454.0
008 - FIXED-LENGTH DATA ELEMENTS--GENERAL INFORMATION
fixed length control field 050525s2006 maua 001 0 eng
010 ## - LIBRARY OF CONGRESS CONTROL NUMBER
LC control number 2005049245
020 ## - INTERNATIONAL STANDARD BOOK NUMBER
International Standard Book Number 0763736198 (pbk. : alk. paper)
020 ## - INTERNATIONAL STANDARD BOOK NUMBER
International Standard Book Number 9780763736194 (pbk. : alk. paper)
035 ## - SYSTEM CONTROL NUMBER
System control number (OCoLC)ocm60516876
035 ## - SYSTEM CONTROL NUMBER
System control number (OCoLC)60516876
Canceled/invalid control number (OCoLC)79461094
040 ## - CATALOGING SOURCE
Original cataloging agency DLC
Transcribing agency DLC
Modifying agency YDX
-- BAKER
-- YDXCP
-- BTCTA
-- DLC
041 ## - LANGUAGE CODE
Language code of text/sound track or separate title eng
080 ## - UNIVERSAL DECIMAL CLASSIFICATION NUMBER
Universal Decimal Classification number 612.0078 ANN
082 00 - DEWEY DECIMAL CLASSIFICATION NUMBER
Classification number 612.0078 ANN
Edition number 22
100 1# - Rafti
Rafti 6
101 ## - Shkurtesa
Shkurtesa ANA
245 12 - TITLE STATEMENT
Title A laboratory textbook of anatomy and physiology :
Statement of responsibility, etc Anne B. Donnersberger, Anne Lesak Scott.
906 ## - LOCAL DATA ELEMENT F, LDF (RLIN)
a 7
b cbc
c orignew
d 1
e ocip
f 20
g y-gencatlg
942 ## - ADDED ENTRY ELEMENTS (KOHA)
Source of classification or shelving scheme
Item type Books
Holdings
Withdrawn status Lost status Source of classification or shelving scheme Damaged status Not for loan Collection code Permanent location Current location Shelving location Date acquired Total Checkouts Full call number Barcode Date last seen Price effective from Koha item type
          Koleksioni i përgjithshem UBT - Lipjan UBT - Lipjan Koleksioni i përgjithshem 01/15/2018   612.0078 ANN 002-2995477 01/15/2018 01/15/2018 Books
UBT Library © 2015-2024. All rights reserved University Education for Business and Technology